000 00505nam a22002057a 4500
003 OSt
005 20180116183007.0
008 150810b xxu||||| |||| 00| 0 eng d
020 _a9788131520796
040 _c0
082 _a658.804 HUT 2014
100 _aMichael D. Hutt
245 _aMarketing
_bA South-Asian Perspective
_cMichael D. Hutt
250 _a11th
260 _aIndia
_bCengage
_c2014
300 _a522 P.
_bPB
440 _aMarketing
600 _aMichael D. Hutt
942 _2ddc
_cBK
999 _c350084
_d350084